000 00776nas a2200265 4500
001 BR9601454
003 BR-BrBNA
005 20231205094703.0
007 ta
008 230509b bl.|||p| |||| 00| 00por d
040 _aBR-BrBNA
_bpor
_cBiblioteca Nacional de Agricultura
041 _a(Pt)
072 _aL51
100 1 _aGlardini, W.V.
100 1 _aDallarmi, S.
245 1 _aDiferenca cationica - anionica na dieta (DCAD)de bovinos
650 _aBovino
650 _aDieta
650 _aCation
650 _aIon
650 _aFisiologia
773 0 _tInformacoes Agronomicas - Associacao Brasileira para Pesquisa da Potassa e do Fosfato (Brazil)
_x
_g(Dec 1995), no. 72 p. 4-5
_wBR9601454
909 _a202311
_bLúcia
_c55
_dLúcia Elande
942 _2AGRIS
_n0
_cANA
999 _c146142
_d146142